00311nam a22001097a 4500020001800000082001600018100002300034245008300057260004200140300001100182563000800193 a9780230235090 a346.02bSTE aStephenson, Graham aCore Statutes on Contract, Tort and Restitution 2009-2010 /cGraham Stephenson aNew York:bPalgrave MacMillan,c2009. a251 p. aPB.